Filosofiaren kondaira. (Record no. 115608)
[ view plain ]
| 000 -LEADER | |
|---|---|
| campo de control de longitud fija | 00527nam a2200157 i 4500 |
| 001 - NÚMERO DE CONTROL | |
| campo de control | 115608 |
| 003 - IDENTIFICADOR DE NÚMERO DE CONTROL | |
| campo de control | ES-MaACL |
| 005 - FECHA Y HORA DE LA ÚLTIMA TRANSACCIÓN | |
| campo de control | 20230906190517.0 |
| 007 - CAMPO FIJO DE DESCRIPCIÓN FÍSICA--INFORMACIÓN GENERAL | |
| campo de control de longitud fija | t| |
| 008 - DATOS DE LONGITUD FIJA--INFORMACIÓN GENERAL | |
| campo de control de longitud fija | 070416s1965 sp ||||1| baq d |
| 245 00 - MENCIÓN DEL TÍTULO | |
| Título | Filosofiaren kondaira. |
| Número de parte o sección de la obra | I, |
| Nombre de parte o sección de la obra | Sokrate aurrea, len Eskolastika, Espinoza, Bergson / |
| Mención de responsabilidad, etc. | Jakin, taldearen ardurapean. |
| 260 ## - PUBLICACIÓN, DISTRIBUCIÓN, ETC. | |
| Lugar de publicación, distribución, etc. | Oñati, Gipuzkoa : |
| Nombre del editor, distribuidor, etc. | Editoria Franciscana Aranzazu, |
| Fecha de publicación, distribución, etc. | 1965. |
| 300 ## - DESCRIPCIÓN FÍSICA | |
| Extensión | 143 p. ; |
| Dimensiones | 20 cm. |
| 650 #4 - PUNTO DE ACCESO ADICIONAL DE MATERIA--TÉRMINO DE MATERIA | |
| Término de materia o nombre geográfico como elemento de entrada | Filosofía- |
| Subdivisión de forma | Historia. |
| 9 (RLIN) | 158248 |
| 852 ## - LOCALIZACIÓN | |
| Ubicación | ES-MaACL |
| Número de control de estantería | P-869-ter |
| Sublocalización o colección | R.58139 |
| Estatus retirado | Estado de pérdida | Estado de daño | No para préstamo | Biblioteca de origen | Biblioteca actual | Ubicación en estantería | Fecha de adquisición | Fuente de adquisición | Total de préstamos | Signatura topográfica completa | Código de barras | Visto por última vez | Precio de reemplazo | Tipo de ítem Koha |
|---|---|---|---|---|---|---|---|---|---|---|---|---|---|---|
| Biblioteca del Ateneo de Madrid | Biblioteca del Ateneo de Madrid | Depósito 2 | 17/01/2008 | P-869-ter | 1120560 | 23/02/2023 | 23/02/2023 | Libro impreso |
